| 000 | 00745nam a22002657a 4500 | ||
|---|---|---|---|
| 001 | 8053 | ||
| 003 | FISKH | ||
| 005 | 20250819162543.0 | ||
| 008 | 250819b cb ||||| |||| 00| 0 eng d | ||
| 020 | _a188089274X | ||
| 040 |
_aFISKH _beng _cFISKH _dFISKH |
||
| 050 | _aPZ7 | ||
| 082 | _a428.6 | ||
| 100 | _aGouin, Lieba | ||
| 245 |
_aUnderwater friends / _cBy Lieba Gouin : Illustrated by Jane Tasciotti |
||
| 260 |
_aFlorida : _bCommon Sense Press , _c1998. |
||
| 300 |
_a40 pages : _bcolor illustrations ; _c20 cm . |
||
| 505 | _aJ | ||
| 521 | 8 |
_a500
_bLexile estimate |
|
| 521 | 8 |
_aJ
_bRaz-Plus |
|
| 650 |
_aHomeschool _vFiction |
||
| 700 |
_aTasciotti, Jane _eIllustrator |
||
| 942 |
_2ddc _cBK _n0 |
||
| 999 |
_c8053 _d8053 |
||